000 00711cam a22002411 4500
999 _c6619
_d6619
001 8879706
003 GBCCL
005 20241126110607.0
008 771109s1958 xx 000 0 eng
035 _a(OCoLC)3405667
040 _aDLC
_cMoSpE
_dDLC
042 _apremarc
050 0 0 _aBV4531.2
_b.R5
082 _a248.83
_bRIN
100 1 _aRinker, Rosalind
_95019
245 1 4 _aThe years that count:
_ba book that lets young people think for themselves /
_cRosalind Rinker
250 _a5th printing
260 _aGrand Rapids:
_bZondervan Pub. House,
_c1961
300 _a118 p.;
_c20 cm.
650 0 _aYouth
_xReligious life.
_9460
906 _a7
_bcbc
_coclcrpl
_du
_encip
_f19
_gy-gencatlg
942 _2ddc
_cBK